Education and national integration in india vol-4 (Record no. 1821)

MARC details
000 -LEADER
fixed length control field 00570cam a2200205ua 4500
001 - CONTROL NUMBER
control field 1947
005 - DATE AND TIME OF LATEST TRANSACTION
control field 20260515113427.0
008 - FIXED-LENGTH DATA ELEMENTS--GENERAL INFORMATION
fixed length control field 110806n ii |||gr||||Z||||||eng
020 ## - INTERNATIONAL STANDARD BOOK NUMBER
International Standard Book Number 81-7158-280-X
040 ## - CATALOGING SOURCE
Transcribing agency MAIN
082 ## - DEWEY DECIMAL CLASSIFICATION NUMBER
Classification number 370
100 ## - MAIN ENTRY--PERSONAL NAME
Personal name Sharma, S. R.,
Fuller form of name (Sita Ram Sharma).
245 1# - TITLE STATEMENT
Title Education and national integration in india vol-4
Statement of responsibility, etc. by S. R. Sharma
250 ## - EDITION STATEMENT
Edition statement 1st.
260 ## - PUBLICATION, DISTRIBUTION, ETC.
Place of publication, distribution, etc. New Delhi:
Name of publisher, distributor, etc. akashdeep publishing house,992.
300 ## - PHYSICAL DESCRIPTION
Extent 186p:
Dimensions 23cm.
653 ## - INDEX TERM--UNCONTROLLED
Uncontrolled term Education
653 ## - INDEX TERM--UNCONTROLLED
Uncontrolled term Education and national integration in india
942 ## - ADDED ENTRY ELEMENTS (KOHA)
Koha item type Books
Holdings
Withdrawn status Lost status Damaged status Not for loan Home library Current library Shelving location Date acquired Total checkouts Full call number Barcode Date last seen Copy number Price effective from Koha item type
        Naharkatiya College Library Naharkatiya College Library General stacks 09/19/2020   370 | SHA 11212 09/19/2020 1 09/19/2020 Books